000 00546nam a2200217Ia 4500
003 OSt
005 20221006151501.0
006 a|||||r|||| 00| 0
007 ta
008 221006b |||||||| |||| 00| 0 eng d
020 _c
_6.00
024 _a22,283
037 _cTextual
040 _aEASL
_cEASL
_beng
041 _2eng
_aeng
245 0 _aInternational who's who in Asian studies 1975-76
260 _aHong Kong
_bAsian Research Service
_c1975
300 _a201p.
_ccm.
942 _cTEXL
_2CC
999 _c1090369
_d1090369